000 00636nam a2200181 a 4500
005 20210219160020.0
008 080612s1986 mx r 000 0 spa d
035 _aUPN01000156834
049 _aUNE
080 _a624.131. 55(72) TER.
245 0 3 _aEl Terremoto de México del 19 de septiembre de 1985 /
_cRaúl Ríos J....(et al).
260 _aLima, Perú :
_bCentro Regional de Sismología paraAmérica del Sur (CERESIS).,
_c1986.
300 _a26 [50] p. :
_bmap., retrs., fot.
690 _aMéxico -
_xSismos -
_vInforme
690 _aSismos -
_zMéxico -
_vInforme
690 _aDesastres naturales -
_vInforme
905 _aUNESCO
999 _c128948
_d128948